Santa Juana de Lestonnac
Сохранить в:
| Формат: | |
|---|---|
| Язык: | испанский |
| Опубликовано: |
Zaragoza
El Noticiero
1949
|
| Предметы: | |
| Метки: |
Добавить метку
Нет меток, Требуется 1-ая метка записи!
|
MARC
| LEADER | 00000nam a2200000 a 4500 | ||
|---|---|---|---|
| 001 | UCI4629 | ||
| 003 | CL-VaPUC | ||
| 008 | 080125e19490000SP |||||||||||||||||spa|d | ||
| 082 | 0 | 4 | |a 922.22 |b SAN |2 21 |
| 245 | 1 | 0 | |a Santa Juana de Lestonnac |
| 300 | |a 105 p | ||
| 942 | |c BK | ||
| 945 | |d 20080125 00:00:00 |a rbrito | ||
| 260 | |a Zaragoza |b El Noticiero |c 1949 | ||
| 500 | |a Donación Padres Capuchinos | ||
| 600 | 0 | 7 | |a SANTA JUANA DE LESTONNAC |2 CL-VaPUC |9 526353 |
| 650 | 0 | |a Biografías |9 255210 | |
| 650 | 7 | |a SANTOS |2 CL-VaPUC |9 313738 | |
| 650 | 0 | |a Vida religiosa |9 257284 | |
| 583 | |a last modification |c 20080125 00:00:00 |k Rodrigo Vera | ||
| 999 | |c 328533 |d 328531 | ||
| 952 | |0 0 |1 0 |4 0 |6 922_220000000000000_SAN_1949 |7 0 |8 X |9 412463 |a FDOBUD |b FDOBUD |d 2019-11-22 |i 4405110 |o 922.22 SAN 1949 |p 4405110 |r 2019-11-22 |w 2019-11-22 |y BK_X |k BUD | ||
| 952 | |0 0 |1 0 |4 0 |6 922_220000000000000_SAN_1949 |7 0 |8 X |9 412464 |a FDOBUD |b FDOBUD |d 2019-11-22 |i 4405129 |o 922.22 SAN 1949 |p 4405129 |r 2019-11-22 |w 2019-11-22 |y BK_X |k BUD | ||